skbl

Dr Suryya Kumar Bhuyan Library Web-OPAC
ডঃ সূৰ্য্য
কুমাৰ ভূঞা পুথিভঁৰাল ৱেব-অ'পেক

All Research Scholars are advised to clear the annual library fees to continue using Library Resources, Remote Access, Plagiarism Test and Library Clearance.

Cotton University Book Fair 2026

Electrodynamics / (Record no. 6268)

MARC details
000 -LEADER
fixed length control field 00547nam a2200205Ia 4500
001 - CONTROL NUMBER
control field 6281
008 - FIXED-LENGTH DATA ELEMENTS--GENERAL INFORMATION
fixed length control field 170324s 194 ii a g b000 u 465 u
082 ## - DEWEY DECIMAL CLASSIFICATION NUMBER
Classification number 537.5
100 ## - MAIN ENTRY--PERSONAL NAME
Personal name Page, Leigh .
245 #0 - TITLE STATEMENT
Title Electrodynamics /
Statement of responsibility, etc. Leigh Page & N. I. Adams.
Medium Textual Documents
250 ## - EDITION STATEMENT
Edition statement 1st ed. /
260 ## - PUBLICATION, DISTRIBUTION, ETC.
Place of publication, distribution, etc. New York :
Name of publisher, distributor, etc. Dover Publications Inc. ,
Date of publication, distribution, etc. C 1940.
300 ## - PHYSICAL DESCRIPTION
Extent v, 505p. :
Other physical details ill. ;
Dimensions 22cm .
504 ## - BIBLIOGRAPHY, ETC. NOTE
Bibliography, etc. note Index
653 ## - INDEX TERM--UNCONTROLLED
Uncontrolled term Physics
653 ## - INDEX TERM--UNCONTROLLED
Uncontrolled term Electrodynamics
653 ## - INDEX TERM--UNCONTROLLED
Uncontrolled term PG-Physics
700 ## - ADDED ENTRY--PERSONAL NAME
Personal name Adams, N. I. .
942 ## - ADDED ENTRY ELEMENTS (KOHA)
Source of classification or shelving scheme Dewey Decimal Classification
Koha item type Books
Holdings
Withdrawn status Lost status Damaged status Not for loan Home library Current library Date acquired Coded location qualifier Total checkouts Full call number Barcode Date last seen Copy number Price effective from Koha item type
        Dr. Suryya Kumar Bhuyan Library Dr. Suryya Kumar Bhuyan Library 01/02/2012 00000   537.5 P 143 El 59451 13/01/2024 1 01/02/2012 Books

Designed and Maintained by Team SKBL
©1901-2026

Powered by Koha